Language Quiz

Random Language Quiz
Score 0/27 Timer 20:00
0 Plays Today
Active Form Passive Form % Correct
Did John bake the cake?Was the cake baked by John?
40.4%
The mechanic is fixing the carThe car is being fixed by the mechanic.
36.2%
No, Sara isn't painting the garageNo, the garage isn't being painted by Sara.
34%
Carl was assembling the bookcase when the phone rangthe bookcase was being assembled by carl when the phone rang.
34%
Had the realtor shown the house yet?Had the house been shown by the realtor yet?
34%
The customs officers won't deny your entryYour entry won't be denied by the customs officers.
34%
Mike has met them beforeThey have been met by Mike before.
31.9%
They haven't tried her recipe yetHer recipe hasn't been tried by them yet.
31.9%
The research team presented the reportthe report was presented by the research team
31.9%
Does she mow the lawn every Saturday?Is the lawn mowed by her every Saturday?
29.8%
Have Stan and Carol rented the cabin before?Has the cabin been rented by Stan and Carol before?
29.8%
She prepares the dough every morningThe dough is prepared by her every morning.
27.7%
She didn't make the sculptureThe sculpture wasn't made by her.
27.7%
Was Dad ordering dinner when Mom got home?Was dinner being ordered by Dad when Mom got home
27.7%
Active Form Passive Form % Correct
Jane will drive the carThe car will be driven by Jane.
27.7%
The campers weren't setting up the tents when it started to rain.The tents weren't being set up by the campers when it started to rain.
27.7%
The store doesn't rent bikes in the winterBikes aren't rented by the store in the winter.
25.5%
Everyone will have completed the online course prior to the deadline.The online course will have been completed by everyone prior to the deadline.
25.5%
They had taken care of a dog previouslyA dog had been taken care of by them previously
23.4%
The generals will be formulating strategies when the president arrivesStrategies will be being formulated by the generals when president arrives.
23.4%
Will the Smiths visit their in-laws next week?Will their in-laws be visited by the Smiths next week?
23.4%
Brian hadn't mentioned the offer before the meetingThe offer hadn't been mentioned by Brian before the meeting.
23.4%
Will the adventurers have completed the quest before it is too late?Will the quest have been completed by the adventurers before it's too late?
21.3%
Unfortunately, the framers won't have finished the job before the rest of the material arrivesUnfortunately, the job won't have been finished by the framers before the rest of the material arrives
19.1%
Will the technician be checking the equipment when inspectors show up?Will the equipment be being inspected by the technician when the inspectors show up?
19.1%
Are they planning the party right now?Is the party being planned by them right now?
17%
Robins won't be digging up worms once it begins to snowWorms won't be being dug up by robins once it begins to show.
17%
Remove Ads.
Support Sporcle.
Get the best of Sporcle when you Go Orange. This ad-free experience offers more features, more stats, and more fun while also helping to support Sporcle. Thank you for becoming a member.

You're not logged in!

Compare scores with friends on all Sporcle quizzes.
OR
Log In

Show Comments

Extras

Created Dec 14, 2014ReportNominate
Tags:Active, form, present, test, Understanding, Verb

Top Quizzes Today


Score Distribution

Your Account Isn't Verified!

In order to create a playlist on Sporcle, you need to verify the email address you used during registration. Go to your Sporcle Settings to finish the process.

Report this User

Report this user for behavior that violates our Community Guidelines.

Details: